Countries that were in the British Empire - Statistics

General Stats
  • This quiz has been taken 35 times
    11 since last reset
  • The average score is 36 of 93
Answer Stats
Hint Answer % Correct
Oceania Australia
90%
North America Canada
90%
North America Thirteen Colonies | USA
90%
Africa Egypt
80%
Asia India
80%
Europe Ireland
80%
Africa Kenya
80%
Africa North Rhodesia | Zambia
80%
Oceania Fiji
70%
Oceania New Zealand
70%
Africa Nigeria
70%
Africa South Rhodesia | Zimbabwe
70%
Africa Sudan
70%
Africa Tanganyika | Tanzania
70%
Africa Uganda
70%
Africa Bechuanaland | Botswana
60%
South America British Guyana | Guyana
60%
Asia Ceylon | Sri Lanka
60%
Europe Cyprus
60%
Africa Gold Coast | Ghana
60%
Asia Malaysia
60%
Europe Malta
60%
Africa South Africa
60%
Asia Aden | Yemen
50%
North America Antigua and Barbuda
50%
North America Barbados
50%
Africa British Somaliland | Somalia
50%
Asia Burma | Myanmar
50%
Africa Gambia
50%
North America Grenada
50%
Asia Iraq
50%
North America Jamaica
50%
Asia Kuwait
50%
Asia Maldives
50%
Oceania Nauru
50%
Oceania Papua New Guinea
50%
Asia Singapore
50%
Oceania Solomon Islands
50%
Africa South-west Africa | Namibia
50%
North America St. Kitts and Nevis
50%
North America St. Lucia
50%
North America St. Vincent & the Grenadines
50%
Oceana Tonga
50%
Asia Transjordan | Jordan
50%
North America Trinidad and Tobago
50%
North America Bahamas
40%
Asia Bahrain
40%
Africa Basutoland | Lesotho
40%
North America Dominica
40%
Asia Hong Kong
40%
Europe Normandy | France
40%
Asia Oman
40%
Asia Palestine
40%
Asia Qatar
40%
Africa Seychelles
40%
Africa Sierra Leone
40%
Africa Swaziland | Eswatini
40%
North America Bermuda
30%
North America British Honduras | Honduras
30%
Oceania Brunei
30%
Europe Gibraltar
30%
North America Mosquito Coast | Nicaragua
30%
Europe Scottland
30%
Europe Wales
30%
Oceania Western Samoa | Samoa
30%
Africa Cameroon
20%
South America Falkland Islands
20%
Africa Zanzibar
20%
North America British Virgin Islands
10%
North America Cayman Island
10%
Europe Iceland
10%
Europe Ionian Islands
10%
North America Newfoundland
10%
North America Pitcairn
10%
Antarctica South Georgia
10%
North America Turks & Caicos Islands
10%
North America Antiguilla
0%
Africa Ascension Island
0%
Europe Britain
0%
Antarctica British Antarctic Territory
0%
Oceania British North Borneo | Borneo
0%
Oceania Ellis Island
0%
North America Florida
0%
Oceania Gilbert Island
0%
Europe Hellgoland
0%
Africa Mauritus
0%
Europe Mincora
0%
North America Monserrat
0%
Oceania New Hebrides
0%
Oceania Sarawak | Borneo
0%
Asia Socotra
0%
Asia Trucial States | United Arab Emerates
0%
Asia Weihai
0%
No matching quizzes found
Score Distribution
Percent of People with Each Score
Percentile by Number Answered
Your Score History
You have not taken this quiz since the last reset